000 00442 a2200181 4500
005 20240529111832.0
010 _aB-759236
020 _a9789354716041
_c350.00
035 _aB-759236
037 _bGift
082 _aS
245 _aElla Diaries Diva Drama /
260 _aSydney
_bScholastic
_c2023
270 _aSydney
_bSydney
300 _a144 p.
_c19 cm(Pb)
942 _adpl
_cCH
_2ddc
_hS
_mELL
999 _c203349
_d203349